000 00628nam a2200277Ia 4500
005 20260324133013.0
008 008 260324s9999 xx 000 0 eng d
020 _a9780429230318
037 _aEBOOK
040 _aCRL
040 _beng
040 _cCRL
041 _2eng
041 _aeng
084 _qCRL
100 _aNeil Winn
_91191434
245 0 _aNeo-Medievalism and Civil Wars
260 _bTaylor and Francis
260 _c2004
365 _a
365 _b255
856 _uhttp://www.taylorfrancis.com/books/9780429230318
942 _cEBOOK
999 _c1790068
_d1790068